Pays par Capitales - Statistiques

Statistiques générales
  • Ce quiz a été pris 127 fois
    12 depuis la dernière actualisation
  • Le résultat moyen est 168 sur 196
Statistiques - réponses
Hint Réponse % Correct
Kaboul Afghanistan
100%
Bloemfontein / Le Cap / Pretoria Afrique du Sud
100%
Alger Algérie
100%
Berlin Allemagne
100%
Andorre-la-Vieille Andorre
100%
Buenos Aires Argentine
100%
Vienne Autriche
100%
Bruxelles Belgique
100%
Minsk Biélorussie
100%
La Paz / Sucre Bolivie
100%
Sarajevo Bosnie-Herzégovine
100%
Brasília Brésil
100%
Sofia Bulgarie
100%
Ottawa Canada
100%
Santiago Chili
100%
Pékin Chine
100%
Nicosie Chypre
100%
Bogotá Colombie
100%
Pyongyang Corée du Nord
100%
Séoul Corée du Sud
100%
Zagreb Croatie
100%
Copenhague Danemark
100%
Djibouti Djibouti
100%
Le Caire Egypte
100%
Abou Dabi Emirats Arabes Unis
100%
Madrid Espagne
100%
Talinn Estonie
100%
Washington Etats-Unis
100%
Helsinki Finlande
100%
Paris France
100%
Athènes Grèce
100%
Guatemala Guatemala
100%
Bissau Guinée-Bissau
100%
Port-au-Prince Haïti
100%
Budapest Hongrie
100%
New Delhi Inde
100%
Jakarta Indonésie
100%
Bagdad Irak
100%
Dublin Irlande
100%
Reykjavik Islande
100%
Jérusalem Israël
100%
Rome Italie
100%
Tokyo Japon
100%
Nairobi Kenya
100%
Pristina Kosovo
100%
Koweït Koweït
100%
Riga Lettonie
100%
Beyrouth Liban
100%
Vilnius Lituanie
100%
Luxembourg Luxembourg
100%
Kuala Lumpur Malaisie
100%
Bamako Mali
100%
La Valette Malte
100%
Mexico Mexique
100%
Monaco Monaco
100%
Oslo Norvège
100%
Wellington Nouvelle-Zélande
100%
Islamabad Pakistan
100%
Panama Panama
100%
Amsterdam Pays-Bas
100%
Lima Pérou
100%
Varsovie Pologne
100%
Lisbonne Portugal
100%
Doha Qatar
100%
Brazzaville République du Congo
100%
Prague République Tchèque
100%
Bucarest Roumanie
100%
Londres Royaume-Uni
100%
Moscou Russie
100%
Saint-Marin Saint-Marin
100%
San Salvador Salvador
100%
Belgrade Serbie
100%
Singapour Singapour
100%
Bratislava Slovaquie
100%
Ljubljana Slovénie
100%
Stockholm Suède
100%
Berne Suisse
100%
Bangkok Thaïlande
100%
Tunis Tunisie
100%
Kiev Ukraine
100%
Vatican Vatican
100%
Hanoï Viêt Nam
100%
Tirana Albanie
80%
Luanda Angola
80%
Riyad Arabie saoudite
80%
Erevan Arménie
80%
Canberra Australie
80%
Bakou Azerbaïdjan
80%
Dacca Bangladesh
80%
Belmopan Belize
80%
Thimphou Bhoutan
80%
Naypyidaw Birmanie
80%
Gaborone Botswana
80%
Bandar Seri Begawan Brunei
80%
Ouagadougou Burkina Faso
80%
Gitega Burundi
80%
Phnom Penh Cambodge
80%
Yaoundé Cameroun
80%
Praia Cap-Vert
80%
San José Costa Rica
80%
Yamoussoukro Côte d'Ivoire
80%
La Havane Cuba
80%
Quito Equateur
80%
Asmara Erythrée
80%
Mbabane Eswatini
80%
Palikir Etats Fédérés de Micronésie
80%
Addis Abeba Ethiopie
80%
Suva Fidji
80%
Libreville Gabon
80%
Banjul Gambie
80%
Tbilissi Géorgie
80%
Accra Ghana
80%
Conakry Guinée
80%
Honiara Îles Salomon
80%
Téhéran Iran
80%
Kingston Jamaïque
80%
Amman Jordanie
80%
Astana Kazakhstan
80%
Bichkek Kirghizistan
80%
Vientiane Laos
80%
Maseru Lesotho
80%
Tripoli Libye
80%
Vaduz Liechtenstein
80%
Skopje Macédoine du Nord
80%
Antananarivo Madagascar
80%
Lilongwe Malawi
80%
Malé Maldives
80%
Rabat Maroc
80%
Nouakchott Mauritanie
80%
Chișinău Moldavie
80%
Oulan-Bator Mongolie
80%
Podgorica Monténégro
80%
Maputo Mozambique
80%
Windhoek Namibie
80%
Yaren Nauru
80%
Katmandou Népal
80%
Managua Nicaragua
80%
Niamey Niger
80%
Abuja Nigeria
80%
Mascate Oman
80%
Tachkent Ouzbékistan
80%
Port Moresby Papouasie-Nouvelle-Guinée
80%
Asunción Paraguay
80%
Manille Philippines
80%
Bangui République centrafricaine
80%
Kinshasa République Démocratique du Congo
80%
Saint-Domingue République Dominicaine
80%
Kigali Rwanda
80%
Castries Sainte-Lucie
80%
São Tomé Sao Tomé-et-Principe
80%
Dakar Sénégal
80%
Victoria Seychelles
80%
Freetown Sierra Leone
80%
Mogadiscio Somalie
80%
Khartoum Soudan
80%
Djouba Soudan du Sud
80%
Sri Jayawardenapura Kotte Sri Lanka
80%
Paramaribo Suriname
80%
Damas Syrie
80%
Douchambé Tadjikistan
80%
Taipei Taiwan
80%
Dodoma Tanzanie
80%
N'Djaména Tchad
80%
Dili Timor Oriental
80%
Lomé Togo
80%
Achgabat Turkménistan
80%
Ankara Turquie
80%
Montevideo Uruguay
80%
Port-Vila Vanuatu
80%
Caracas Venezuela
80%
Sanaa Yémen
80%
Lusaka Zambie
80%
Harare Zimbabwe
80%
Saint John's Antigua-et-Barbuda
60%
Manama Bahreïn
60%
Bridgetown Barbade
60%
Porto-Novo Bénin
60%
Moroni Comores
60%
Roseau Dominique
60%
Ciudad de la Paz Guinée équatoriale
60%
Georgetown Guyana
60%
Tegucigalpa Honduras
60%
Majuro Îles Marshall
60%
Tarawa-Sud Kiribati
60%
Monrovia LIberia
60%
Port-Louis Maurice
60%
Kampala Ouganda
60%
Ngerulmud Palaos
60%
Basseterre Saint-Christophe-et-Niévès
60%
Kingstown Saint-Vincent-et-les-Grenadines
60%
Apia Samoa
60%
Nuku'alofa Tonga
60%
Port-d'Espagne Trinité-et-Tobago
60%
Funafuti Tuvalu
60%
Nassau Bahamas
40%
Saint George's Grenade
40%
Aucun quiz correspondant
Distribution des résultats
% des personnes avec chaque résultat
Percentile par nombre de réponses
Votre historique - résultats
Vous n’avez pas pris ce quiz depuis la dernière actualisation